000 00562nam a2200181 i 4500
001 72778
003 ES-MaACL
005 20230906171544.0
007 t|
008 040902s1932 sp ||||1| spa d
100 1 _aGoethe, Johann Wolfgang von,
_d1749-1832
_957568
245 1 0 _aPensamientos de Goethe /
_cJohan Wolfgang Goethe ; traducción de E. Imaz.
260 _aMadrid :
_bRevista de Occidente,
_c[1932] (
_fGalo Sáez)
300 _a149 p. ;
_c16 cm.
700 1 _aImaz, Eugenio.
_965203
852 _aES-MaACL
_jF-13997
999 _c72778
_d72778